| 000 | 01607nam a2200241Ia 4500 | ||
|---|---|---|---|
| 003 | Ost | ||
| 005 | 20260507075442.0 | ||
| 008 | 260507s9999||||xx |||||||||||||| ||und|| | ||
| 020 | _a978995722265 | ||
| 040 | _cfsecg | ||
| 041 | _aara | ||
| 082 | _a658.8 | ||
| 100 |
_aخليل، ناصر _eمؤلف |
||
| 245 | 0 |
_aالتجارة والتسويق الالكتروني / _c ناصر خليل |
|
| 260 |
_aعمان: _bدار اسامة, _c2008 |
||
| 300 |
_a312 صفحة؛ _bإيضاحات ؛ _c24 سم |
||
| 504 | _aببليوغرافيا: ص.311-312 | ||
| 520 | _aالتسويق الالكتروني-التجارة الالكترونية-مزايا التجارة الالكترونية-قائمة التشريعات الوطنية في حقل التجارة الالكترونية والتواقيع الرقمية-تقنيات التجارة الالكترونية-التعامل مع قاعدة المعطيات-ربط قواعد المعطيات-بروتوكولات الانترنت -تقنيات الاتصال-الشبكات-تقنيتي السحب والدفع-نقل المعطيات-امن الانترنت-التجارة الالكترونية والبنوك -مهارات التسويق الالكتروني-استثمر بريدك الالكتروني-المشروع الالكتروني الصغير-آفاق ومستقبل التجارة الالكترونية-ادارة الازمات المالية في التجارة الالكترونية | ||
| 653 | _aادارة المبيعات | ||
| 653 | _aالتجارة الدولية | ||
| 653 | _aالتسويق | ||
| 942 | _cكتاب | ||
| 999 |
_c44565 _d44565 |
||